Giovani: fede e vocazione. Per una Chiesa amica e sorella dei Giovani

-д хадгалсан:
Номзүйн дэлгэрэнгүй
Үндсэн зохиолчид: Greco, Paolo (Зохиогч), Sperandini, Bruno (Зохиогч), Surace, GIuseppe (Зохиогч)
Формат: Ном
Хэл сонгох:итали
Хэвлэсэн: Turín Elledici 2018
Хэвлэл:1a. ed
Нөхцлүүд:
Шошгууд: Шошго нэмэх
Шошго байхгүй, Энэхүү баримтыг шошголох эхний хүн болох!

MARC

LEADER 00000cam a2200000 a 4500
001 UCC7671
003 CL-VaPUC
008 190427e20180000it |||||||||||||||||ita|d
020 |a 9788801064155 
082 0 4 |a 248.89422  |b GRE  |2 21 
100 |a Greco, Paolo  |e author  |9 602381 
700 0 |a Sperandini, Bruno  |e author  |9 602382 
700 0 |a Surace, GIuseppe  |e author  |9 602383 
245 1 0 |a Giovani: fede e vocazione. Per una Chiesa amica e sorella dei Giovani 
250 |a 1a. ed 
300 |a 125 p 
942 |c BK 
945 |d 20190427 02:22:00  |a dcastane 
260 |a Turín  |b Elledici  |c 2018 
650 0 |a Vocación religiosa  |9 392452 
650 0 |a Fe  |9 308036 
583 |a last modification  |c 20190427 02:22:00  |k Rodrigo Vera 
999 |c 374264  |d 374262 
952 |0 0  |1 0  |3 erb  |4 0  |6 248_894220000000000_GRE_2018  |7 0  |8 A  |9 492755  |a BIBTEO  |b BIBTEO  |i 5544688  |o 248.89422 GRE 2018  |p 5544688  |r 2025-01-17  |w 2019-11-24  |y BK  |z Catalogado en:20190427  |k ICR